| 000 | 01253nam a2200253Ia 4500 | ||
|---|---|---|---|
| 999 |
_c50779 _d50779 |
||
| 001 | 17731 | ||
| 003 | GE_BSU | ||
| 005 | 20230120121225.0 | ||
| 008 | 181216s2015||||ge |||||||||||||| ||geo|| | ||
| 020 | _a9789941459030 | ||
| 040 | _cGE_BSU | ||
| 041 | _ageo | ||
| 080 | _a634.6(479.22) თ-12 | ||
| 100 |
_aთაბაგარი, მარიეტა _92509 |
||
| 245 |
_aსუბტროპიკული ხეხილოვანი კულტურები / _cმარიეტა თაბაგარი; რედ.: ვ. ქობალია. |
||
| 264 |
_aქუთაისი : _bაკაკი წერეთლის სახ. უნ-ტი, _c2015. |
||
| 300 |
_a172 გვ.: _bილ.; _c20 სმ. |
||
| 504 | _aბიბლ.გვ.164-165 | ||
| 653 | _aსაქართველოს სუბტროპიკული ხეხილოვანი კულტურები | ||
| 653 | _aსაქართველოს ციტრუსოვანი კულტურები | ||
| 653 | _aსაქართველოს კაკლოვანი კულტურები | ||
| 700 |
_aქობალია, ვახტანგ _eრედაქტორი _92530 |
||
| 942 |
_cBK _2udc |
||